Statistiques concernant Communes du Haut-Rhin par frontières

Cliquez ici pour prendre le quiz!

Statistiques générales

  • Ce quiz a été pris 614 fois
  • Le résultat moyen est 219 sur 386

Réponses sur la Carte

Les réponses sont colorées sur une échelle allant du rouge au vert en fonction du pourcentage des utilisateurs qui les ont devinées à leur premier essai. Vous pouvez retrouver ces pourcentages ci-dessous.
 

Statistiques - réponses

Commune% Correct
Ammerschwihr
97%
Bennwihr
97%
Bourtzwiller
97%
Brunstatt
97%
Colmar
97%
Didenheim
97%
Grussenheim
97%
Guémar
97%
Horbourg
97%
Houssen
97%
Illhaeusern
97%
Illzach
97%
Ingersheim
97%
Jebsheim
97%
Lutterbach
97%
Morschwiller-le-Bas
97%
Mulhouse
97%
Ostheim
97%
Pfastatt
97%
Riedisheim
97%
Riedwihr
97%
Sainte-Croix-en-Plaine
97%
Sigolsheim
97%
Sundhoffen
97%
Wettolsheim
97%
Wihr-en-Plaine
97%
Wintzenheim
97%
Holtzwihr
96%
Saint-Louis
87%
Altkirch
84%
Huningue
84%
Steinbach
84%
Vieux-Thann
84%
Village-Neuf
84%
Aspach
83%
Rammersmatt
83%
Walheim
83%
Bitschwiller
82%
Carspach
82%
Blotzheim
81%
Leimbach
81%
Thann
81%
Bourgfelden
80%
Hésingue
80%
Hirtzbach
80%
Soultz
80%
Wittersdorf
80%
Hirsingue
79%
Reiningue
79%
Wittelsheim
79%
Cernay
78%
Schweighouse
78%
Aspach-le-Bas
77%
Aspach-le-Haut
77%
Bergholtz
76%
Rixheim
76%
Uffholtz
76%
Wittenheim
76%
Guebwiller
74%
Rimbach-près-Guebwiller
74%
Sausheim
74%
Issenheim
73%
Sainte-Marie-aux-Mines
73%
Aubure
72%
Jungholtz
72%
Kingersheim
72%
Ribeauvillé
72%
Turckheim
72%
Bruebach
71%
Ottmarsheim
71%
Pulversheim
71%
Richwiller
71%
Lapoutroie
70%
Lautenbachzell
70%
Retzwiller
70%
Ruelisheim
70%
Fréland
69%
Habsheim
69%
Hombourg
69%
Riquewihr
69%
Zellenberg
68%
Willer-sur-Thur
67%
Bartenheim
66%
Bergholtz-Zell
66%
Buhl
66%
Geishouse
66%
Kaysersberg
66%
Labaroche
66%
Luttenbach-près-Munster
66%
Réguisheim
66%
Staffelfelden
66%
Zimmersheim
66%
Baldersheim
65%
Kembs
65%
Moosch
65%
Battenheim
64%
Bollwiller
64%
Katzenthal
64%
Rouffach
64%
Sierentz
64%
Wolfersdorf
64%
Geispitzen
63%
Gunsbach
63%
Hartmannswiller
63%
Hirtzfelden
63%
Hohrod
63%
Lautenbach
63%
Niffer
63%
Sainte-Croix-aux-Mines
63%
Schlierbach
63%
Stosswihr
63%
Ungersheim
63%
Ballersdorf
62%
Dannemarie
62%
Ensisheim
62%
Fellering
62%
Gundolsheim
62%
Munchhouse
62%
Wattwiller
62%
Guewenheim
61%
Heidwiller
61%
Herrlisheim-près-Colmar
61%
Hunawihr
61%
Raedersheim
61%
Rosenau
61%
Bantzenheim
60%
Manspach
60%
Oberentzen
60%
Roggenhouse
60%
Steinsoultz
60%
Altenach
59%
Altenbach
59%
Balgau
59%
Bergheim
59%
Dietwiller
59%
Eschbach-au-Val
59%
Eschentzwiller
59%
Fessenheim
59%
Franken
59%
Griesbach-au-Val
59%
Hattstatt
59%
Le Bonhomme
59%
Niederhergheim
59%
Petit-Landau
59%
Rodern
59%
Tagolsheim
59%
Uffheim
59%
Wegscheid
59%
Zillisheim
59%
Bettendorf
58%
Flaxlanden
58%
Gommersdorf
58%
Lauw
58%
Masevaux
58%
Mitzach
58%
Munster
58%
Munwiller
58%
Orschwir
58%
Steinbrunn-le-Bas
58%
Westhalten
58%
Brinckheim
57%
Durlinsdorf
57%
Eguisheim
57%
Goldbach
57%
Illfurth
57%
Kientzheim
57%
Kiffis
57%
Niederlarg
57%
Pfaffenheim
57%
Soultzmatt
57%
Thannenkirch
57%
Wasserbourg
57%
Wolfgantzen
57%
Wuenheim
57%
Mortzwiller
56%
Oberdorf
56%
Volgelsheim
56%
Bourbach-le-Haut
55%
Buschwiller
55%
Grentzingen
55%
Kirchberg
55%
Landser
55%
Metzeral
55%
Murbach
55%
Niederbruck
55%
Oberhergheim
55%
Osenbach
55%
Saint-Amarin
55%
Sickert
55%
Waltenheim
55%
Hausgauen
54%
Hégenheim
54%
Heimsbrunn
54%
Hundsbach
54%
Ligsdorf
54%
Linsdorf
54%
Luemschwiller
54%
Michelbach
54%
Michelbach-le-Haut
54%
Oltingue
54%
Roderen
54%
Zaessingue
54%
Biltzheim
53%
Blodelsheim
53%
Bouxwiller
53%
Chavannes-sur-l'Étang
53%
Ferrette
53%
Hagenthal-le-Bas
53%
Helfrantzkirch
53%
Kruth
53%
Linthal
53%
Lucelle
53%
Lutter
53%
Michelbach-le-Bas
53%
Mœrnach
53%
Muespach-le-Haut
53%
Orbey
53%
Raedersdorf
53%
Valdieu
53%
Wentzwiller
53%
Winkel
53%
Berrwiller
52%
Bettlach
52%
Folgensbourg
52%
Galfingue
52%
Moos
52%
Rumersheim-le-Haut
52%
Vieux-Ferrette
52%
Wolschwiller
52%
Beblenheim
51%
Burnhaupt-le-Haut
51%
Husseren-Wesserling
51%
Largitzen
51%
Meyenheim
51%
Oberlarg
51%
Ranspach
51%
Ranspach-le-Bas
51%
Sondersdorf
51%
Soppe-le-Bas
51%
Stetten
51%
Walbach
51%
Bendorf
50%
Bourbach-le-Bas
50%
Fislis
50%
Frœningen
50%
Kœtzingue
50%
Mittelwihr
50%
Neuf-Brisach
50%
Oderen
50%
Rimbachzell
50%
Willer
50%
Attenschwiller
49%
Berentzwiller
49%
Bréchaumont
49%
Chalampé
49%
Feldkirch
49%
Kappelen
49%
Liebenswiller
49%
Magstatt-le-Bas
49%
Merxheim
49%
Pfetterhouse
49%
Steinbrunn-le-Haut
49%
Brinighoffen
48%
Burnhaupt-le-Bas
48%
Fulleren
48%
Hagenthal-le-Haut
48%
Jettingen
48%
Wahlbach
48%
Bernwiller
47%
Dessenheim
47%
Hagenbach
47%
Henflingen
47%
Hochstatt
47%
Knœringue
47%
Leymen
47%
Liebsdorf
47%
Magstatt-le-Haut
47%
Neuwiller
47%
Rantzwiller
47%
Ruestenhart
47%
Sentheim
47%
Seppois-le-Bas
47%
Seppois-le-Haut
47%
Soppe-le-Haut
47%
Vœgtlinshoffen
47%
Eglingen
46%
Moyen-Muespach
46%
Ranspach-le-Haut
46%
Rimbach-près-Masevaux
46%
Schwoben
46%
Uberstrass
46%
Zimmerbach
46%
Gildwiller
45%
Andolsheim
44%
Spechbach-le-Bas
44%
Traubach-le-Bas
44%
Courtavon
43%
Emlingen
43%
Lutran
43%
Montreux-Vieux
43%
Muespach-le-Bas
43%
Niedermorschwihr
43%
Tagsdorf
43%
Werentzhouse
43%
Bisel
42%
Malmerspach
42%
Balschwiller
41%
Durmenach
41%
Elbach
41%
Feldbach
41%
Heimersdorf
41%
Hindlingen
41%
Kœstlach
41%
Logelheim
41%
Obermorschwihr
41%
Riespach
41%
Roppentzwiller
41%
Ruederbach
41%
Saint-Hippolyte
41%
Sondernach
41%
Widensohlen
41%
Heiwiller
40%
Biederthal
39%
Biesheim
39%
Bischwihr
39%
Enschingen
39%
Nambsheim
39%
Obermorschwiller
39%
Waldighofen
39%
Fortschwihr
38%
Husseren-les-Châteaux
38%
Levoncourt
38%
Vogelgrun
38%
Ammertzwiller
37%
Guevenatten
37%
Oberbruck
37%
Spechbach-le-Haut
37%
Storckensohn
37%
Wihr-au-Val
37%
Buethwiller
36%
Diefmatten
36%
Hecken
36%
Mittlach
36%
Soultzbach-les-Bains
36%
Urbès
36%
Wildenstein
36%
Falkwiller
35%
Friesen
35%
Heiteren
35%
Hettenschlag
35%
Montreux-Jeune
35%
Saint-Ulrich
35%
Uberkumen
35%
Dolleren
34%
Geiswasser
34%
Lièpvre
34%
Magny
34%
Mertzen
34%
Niederentzen
34%
Romagny
34%
Rorschwihr
34%
Soultzeren
34%
Traubach-le-Haut
34%
Urschenheim
34%
Algolsheim
33%
Durrenentzen
33%
Kunheim
33%
Sewen
33%
Appenwihr
31%
Mollau
31%
Muntzenheim
31%
Strueth
31%
Weckolsheim
31%
Baltzenheim
30%
Bellemagny
30%
Breitenbach-Haut-Rhin
30%
Bretten
30%
Obersaasheim
30%
Artzenheim
29%
Muhlbach-sur-Munster
29%
Rombach-le-Franc
29%
Saint-Cosme
29%
Sternenberg
29%
Eteimbes
28%
Gueberschwihr
28%
Wickerschwihr
28%

Distribution des résultats

Percentile par nombre de réponses

% des personnes avec chaque résultat

Votre développement - résultats

Vous n’avez pas pris ce quiz